Story-telling ideas for teachers. (Record no. 17175)

000 -LEADER
fixed length control field 00494nam a2200169 a 4500
001 - CONTROL NUMBER
control field :::00020911$&:&@@
003 - CONTROL NUMBER IDENTIFIER
control field OkBaRHE
005 - DATE AND TIME OF LATEST TRANSACTION
control field 20040218161827.0
008 - FIXED-LENGTH DATA ELEMENTS--GENERAL INFORMATION
fixed length control field s1995 j 000 0 eng u
040 ## - CATALOGING SOURCE
Transcribing agency
100 1# - MAIN ENTRY--PERSONAL NAME
Personal name Haas, Jane Elling
245 10 - TITLE STATEMENT
Title Story-telling ideas for teachers.
260 ## - PUBLICATION, DISTRIBUTION, ETC. (IMPRINT)
Place of publication, distribution, etc St. Louis, MO
Name of publisher, distributor, etc Concordia Pub House
Date of publication, distribution, etc 1995
300 ## - PHYSICAL DESCRIPTION
Extent 64 p.
942 ## - ADDED ENTRY ELEMENTS (KOHA)
Source of classification or shelving scheme
Koha item type Books
Copies
Date last seen Withdrawn status Shelving location Copy number Price effective from Barcode Source of classification or shelving scheme Lost status Damaged status Date acquired Not for loan Full call number Permanent Location Koha item type
2010-04-14 General Stacks12010-04-1420911   2010-04-14 BV 1535 .H3RHEMA Bible Training CollegeBooks